000 00300nam a22001337a 4500
008 180119b xxu||||| |||| 00| 0 eng d
020 _a9781256577683
041 _aeng
080 _a37
100 _a47
101 _aedu
245 _aexploring teaching as a carer
_cpurudue
942 _2udc
_cBK
999 _c40613
_d40613